000 00223 a2200109 4500
020 _a9788449433498
041 _aspa
100 _aCarmen Alcaraz y ramon rosello
245 _aAutomasaje y joga
942 _cBK
952 _74
999 _c19159
_d19159